[Event "NLD-sf"]
[Site "?"]
[Date "1994.??.??"]
[Round "2"]
[White "Hoeksema, Hendrik Pieter"]
[Black "Theulings, Paul Peter"]
[Result "1-0"]
[WhiteElo "2405"]
[BlackElo "2065"]

1.d4 Nf6 2.Nf3 b6 3.c4 e6 4.Nc3 Bb4 5.Qb3 Bxc3+ 6.Qxc3 Ne4 7.Qc2 Bb7 8.g3 h6
9.Bg2 Ng5 10.d5 Nxf3+ 11.Bxf3 e5 12.c5 bxc5 13.Qxc5 Na6 14.Qc3 d6 15.O-O O-O
16.e4 f5 17.exf5 Rxf5 18.Be4 Rf6 19.Be3 Qd7 20.Qc4 Bc8 21.b4 Qa4 22.a3 Nc5
23.Bc2 Qa6 24.Qxa6 Nxa6 25.Rfc1 Bb7 26.Bb3 Rf3 27.Rc3 Kh8 28.Rac1 Rf7 29.b5 Nc5
30.Bxc5 dxc5 31.Rxc5 Raf8 32.Rxc7  1-0

[Event "NLD-sf"]
[Site "?"]
[Date "1994.??.??"]
[Round "3"]
[White "Rooda, K."]
[Black "Van Gisbergen, Stan"]
[Result "0-1"]
[WhiteElo "2090"]
[BlackElo "2360"]

1.Nf3 Nf6 2.d4 e6 3.c4 b6 4.Nc3 Bb7 5.Bg5 Be7 6.Qc2 h6 7.Bh4 c5 8.e4 cxd4
9.Nxd4 d6 10.Be2 a6 11.O-O Qc7 12.Rac1 O-O 13.Rfd1 Nbd7 14.f3 Rfe8 15.Qd2 Nxe4
16.Qe1 Nxc3 17.Rxc3 Bxh4 18.Qxh4 Rad8 19.Kh1 Nf6 20.Bd3 Qc5 21.Bb1 d5 22.Nb3 dxc4
23.Rdc1 Qd6 24.Qxc4 Nd5 25.Rd3 Rc8 26.Qe4 Rxc1+ 27.Nxc1 Qf4 28.Qe1 Rc8 29.Ne2 Qe5
30.Qd2 g6 31.Rb3 Qxe2  0-1

[Event "NLD-sf"]
[Site "?"]
[Date "1994.??.??"]
[Round "4"]
[White "Langeweg, Kick"]
[Black "Theulings, Paul Peter"]
[Result "1/2-1/2"]
[WhiteElo "2390"]
[BlackElo "2065"]

1.d4 Nf6 2.Nf3 b6 3.c4 e6 4.Nc3 Bb4 5.Qb3 a5 6.Bg5 h6 7.Bxf6 Qxf6 8.e3 Nc6
9.Be2 a4 10.Qc2 a3 11.O-O axb2 12.Qxb2 Bxc3 13.Qxc3 O-O 14.Nd2 Qe7 15.Rfb1 Ra7
16.Rb2 Bb7 17.Rab1 Ba8 18.Qc2 f5 19.Nf3 Ra5 20.Rb5 Ra3 21.Qb2 Ra7 22.Qd2 Qa3
23.R5b2 Qa5 24.Qc1 Ne7 25.Ne1 Be4 26.Bd3 Qa3 27.Qc2 Bxd3 28.Nxd3 Qa4 29.Qc1 Rfa8
30.g3  1/2-1/2

[Event "SLO-ch"]
[Site "Nova Gorica"]
[Date "1994.??.??"]
[Round "?"]
[White "Gostisa, Leon"]
[Black "Jazbinsek, Sebastjan"]
[Result "1-0"]
[WhiteElo "2420"]
[BlackElo "2210"]

1.d4 Nf6 2.Nf3 e6 3.c4 b6 4.Nc3 Bb7 5.Bg5 Bb4 6.e3 d6 7.Qa4+ Nc6 8.d5 exd5
9.cxd5 Nxd5 10.Bxd8 Nxc3 11.bxc3 Bxc3+ 12.Kd1 Bxa1 13.Bb5 Kd7 14.Bh4 a6 15.Qg4+ Ke8
16.Qe4+ Kd7 17.Qf5+ Ke8 18.Bc4 f6 19.Ke2 Ne7 20.Qg4 f5 21.Qh5+  1-0

[Event "Nyiregyhaza op"]
[Site "Nyiregyhaza"]
[Date "1994.??.??"]
[Round "?"]
[White "Krutti, Valer"]
[Black "Lengyel, Ferenc"]
[Result "1/2-1/2"]
[WhiteElo "2430"]
[BlackElo "2285"]

1.d4 Nf6 2.c4 e6 3.Nf3 b6 4.Nc3 Bb7 5.Bg5 d5 6.cxd5 exd5 7.e3 Be7 8.Bb5+ c6
9.Bd3 Nbd7 10.O-O O-O 11.Qc2 h6 12.Bh4 Nh5 13.Bxe7 Qxe7 14.Rab1 a5 15.a3 Rfd8
16.Rfe1 Nhf6 17.Bf5 Qd6 18.Red1 Re8 19.Rbc1 Rad8 20.Na4 Ba6 21.g3 Bb5 22.Nc3 Ba6
23.Ne2 g6 24.Bh3 Bb5 25.Bg2 Ne4 26.Nf4 a4 27.Bf1 g5 28.Nd3 Qf6 29.Nfe5 Nxe5
30.Nxe5 Bxf1 31.Rxf1 c5 32.Qxa4 h5 33.Qd1 g4 34.f3 Nd6 35.fxg4 Qg5 36.Rf4 Rxe5
37.dxe5 Qxe5 38.Rc3 h4 39.Rd3 hxg3 40.hxg3 Ne4 41.Qe1 Ng5 42.Qc3 d4 43.exd4 cxd4
44.Qd2 Nh3+ 45.Kg2 Nxf4+ 46.gxf4 Qe4+ 47.Kg3 Kg7 48.f5 f6 49.a4 Kf7 50.Rf3 Qe5+
51.Qf4 d3 52.Qxe5 fxe5 53.Rf1 d2 54.Rd1 Kf6 55.Kf3 Rd4 56.b3 Rf4+ 57.Ke3 Rxg4
58.Rxd2 Rb4 59.Rd3 Kxf5  1/2-1/2

[Event "Oberwart op"]
[Site "Oberwart"]
[Date "1994.??.??"]
[Round "3"]
[White "Sorkin, Igor"]
[Black "Aseev, Konstantin N"]
[Result "0-1"]
[WhiteElo "2315"]
[BlackElo "2540"]

1.d4 Nf6 2.c4 e6 3.Nf3 b6 4.Nc3 Bb7 5.a3 d5 6.Qc2 Be7 7.cxd5 exd5 8.Bf4 c5
9.g3 O-O 10.Bg2 Na6 11.O-O Qc8 12.Rac1 Rd8 13.Qb1 h6 14.Nh4 Qe6 15.Nf5 Bf8
16.Bh3 Kh8 17.Be5 Nd7 18.Bf4 Nf6 19.Be5 Ne4 20.f3 Nxc3 21.bxc3 f6 22.Bf4 g6
23.Nxh6 Qxh3 24.Qxg6 Bxh6 25.Bxh6 Rg8 26.Qxf6+ Kh7 27.Bf4 Rg6 28.Qe7+ Rg7
29.Qe3 Rag8 30.Qf2 Rf7 31.Be5 c4 32.Qg2 Qxg2+ 33.Kxg2 Nb8 34.g4 Nc6 35.Bg3 Re7
36.Kf2 Bc8 37.h3 Rge8 38.Rfe1 Bd7 39.e3 Na5 40.f4 Nb3 41.Rc2 b5 42.f5 a5
43.Be5 Nc5 44.dxc5 Rxe5 45.Rd2 Bc6 46.Rd4 Kg7 47.Rf4 Rh8 48.Kg3 b4 49.axb4 axb4
50.cxb4 c3 51.b5 c2 52.Rc1 Bxb5 53.Rb4 Bd3 54.Rb7+ Kf6 55.Rb6+ Kf7 56.Kf4 Re4+
57.Kg5 Rxe3 58.Ra1 Rg8+ 59.Kh4 Ra8 60.Rc1 Rc8 61.Rh6 Rxc5 62.Rh7+ Kf6  0-1

[Event "Paris APSAP"]
[Site "Paris"]
[Date "1994.??.??"]
[Round "1"]
[White "Kalantarian, Norik"]
[Black "Renet, Olivier"]
[Result "1-0"]
[WhiteElo "2455"]
[BlackElo "2530"]

1.d4 Nf6 2.c4 e6 3.Nf3 b6 4.Nc3 Bb7 5.Bg5 Bb4 6.e3 h6 7.Bh4 Bxc3+ 8.bxc3 d6
9.Nd2 Nbd7 10.f3 Qe7 11.e4 e5 12.Qc2 O-O 13.Bd3 Rfe8 14.O-O-O b5 15.cxb5 a6
16.Nb3 axb5 17.Bxb5 c6 18.Bd3 Ba6 19.Kb1 Reb8 20.Ka1 Qe6 21.Bxa6 Rxa6 22.Rb1 Rba8
23.Nc1 d5 24.Bxf6 Nxf6 25.exd5 Nxd5 26.Rb2 exd4 27.cxd4 Qe3 28.Qd2 Ra4 29.Qxe3 Nxe3
30.Nb3 Rc4 31.Kb1 Nd5 32.Rc1 Rxc1+ 33.Kxc1 f5 34.Nc5 Nc3 35.Kd2 Nb5 36.a4 Nxd4
37.Kc3 Rd8 38.Rd2 Rd5 39.Nb7 Ne6 40.Rxd5 cxd5 41.a5 Nc7 42.Kd4 Kf7 43.Kc5 Kf6
44.Kc6 d4 45.Nc5  1-0

[Event "Paris op"]
[Site "Paris"]
[Date "1994.??.??"]
[Round "2"]
[White "Kalantarian, Norik"]
[Black "Salaun, Yann"]
[Result "1-0"]
[WhiteElo "2365"]
[BlackElo "2270"]

1.d4 Nf6 2.c4 e6 3.Nf3 b6 4.Nc3 Bb4 5.Bg5 Bb7 6.e3 Bxc3+ 7.bxc3 d6 8.Nd2 Qe7
9.f3 e5 10.e4 Nbd7 11.Qa4 c5 12.dxc5 O-O 13.cxb6 axb6 14.Qc2 h6 15.Bh4 Qe6
16.Bf2 Rfc8 17.Be2 Nh5 18.g3 Ba6 19.O-O Qg6 20.Rfc1 Nf4 21.Bf1 Ne6 22.Rab1 Rc6
23.Rb4 Rac8 24.Rcb1 Nec5 25.Bh3 R8c7 26.Bxc5 dxc5 27.Ra4 Bb7 28.Nf1 Qg5 29.Rd1 Nf6
30.Qd2 Qxd2 31.Rxd2 Kf8 32.Ne3 g6 33.Ra7 Bc8 34.Ra8 Kg7 35.Bf1 Be6 36.Rdd8 Rd7
37.Nd5 Rcd6 38.Rdb8 Bxd5 39.cxd5 Rc7 40.Bb5 c4 41.Rc8  1-0

[Event "Portoroz op"]
[Site "Portoroz"]
[Date "1994.??.??"]
[Round "?"]
[White "Cebalo, Miso"]
[Black "Muhtarov, Leonid"]
[Result "1-0"]
[WhiteElo "2520"]
[BlackElo "2180"]

1.d4 Nf6 2.Nf3 e6 3.c4 b6 4.Nc3 Bb4 5.Bg5 c5 6.Rc1 cxd4 7.Nxd4 a6 8.a3 Be7
9.e4 Qc7 10.Be2 Bb7 11.f3 O-O 12.Be3 d6 13.O-O Nbd7 14.b4 Rac8 15.Qe1 Rfe8
16.Qf2 Qb8 17.Rfd1 Bd8 18.Nb3 Bc7 19.g3 Kh8 20.a4 Ba8 21.Kg2 Rg8 22.h4 Rge8
23.Kh3 Rcd8 24.g4 d5 25.cxd5 exd5 26.Nxd5 Bxd5 27.exd5 Rxe3 28.Qxe3 Bf4 29.Qd4 Bxc1
30.Nxc1 Nf8 31.d6 Ne6 32.Qe5 Nf8 33.Qg3 h5 34.g5 Ne8 35.d7 Nc7 36.Qf4 Nfe6
37.Qe5 Nf8 38.Qf4 Rxd7 39.Rxd7 Nxd7 40.Qxf7 Qc8 41.Qxh5+ Kg8 42.Bc4+  1-0

[Event "Pula PCA op"]
[Site "Pula"]
[Date "1994.??.??"]
[Round "?"]
[White "Kozul, Zdenko"]
[Black "Gurevich, Vladimir"]
[Result "1-0"]
[WhiteElo "2575"]
[BlackElo "2420"]

1.d4 Nf6 2.Nf3 e6 3.c4 b6 4.Nc3 Bb4 5.Qc2 Bb7 6.a3 Bxc3+ 7.Qxc3 O-O 8.e3 Ne4
9.Qc2 d6 10.b4 Nd7 11.Bd3 f5 12.Bb2 Qe7 13.O-O Ndf6 14.Rac1 Qf7 15.d5 exd5
16.cxd5 Nxd5 17.Rfd1 Rac8 18.Bc4 c6 19.Ba2 b5 20.Nd4 Kh8 21.f3 Ng5 22.Qe2 Qe8
23.Bxd5 cxd5 24.Rxc8 Bxc8 25.Nxb5 Ba6 26.a4 Ne6 27.Qd3 Bxb5 28.axb5 Nc7 29.Qd4 Rf7
30.Qxa7 Nxb5 31.Qb6 d4 32.Bxd4 h6 33.Bb2 Rc7 34.Rd2  1-0

[Event "ROM-chT"]
[Site "ROM"]
[Date "1994.??.??"]
[Round "?"]
[White "Baciu, Stefan"]
[Black "Demeny, Miklos Nicolae"]
[Result "1/2-1/2"]
[WhiteElo "2280"]
[BlackElo "2255"]

1.d4 Nf6 2.Nf3 e6 3.c4 b6 4.Nc3 Bb7 5.e3 Bb4 6.Bd2 O-O 7.Be2 d6 8.O-O Nbd7
9.a3 Bxc3 10.Bxc3 Ne4 11.Rc1 f5 12.Nd2 Qg5 13.d5 Rae8 14.Nxe4 fxe4 15.Bg4 Nc5
16.b4 Nd3 17.Bxe6+ Rxe6 18.dxe6 Nxc1 19.Qxc1 Re8 20.Qc2 Rxe6 21.Qa4 a6 22.Qd7 Qe7  1/2-1/2

[Event "St Petersburg"]
[Site "St Petersburg"]
[Date "1994.??.??"]
[Round "?"]
[White "Peregudov, Nickolai"]
[Black "Yemelin, Vasily"]
[Result "1/2-1/2"]
[WhiteElo "2470"]
[BlackElo "2475"]

1.d4 Nf6 2.c4 e6 3.Nf3 b6 4.Nc3 Bb7 5.Bg5 h6 6.Bxf6 Qxf6 7.e3 Bb4 8.Rc1 O-O
9.Be2 Rd8 10.O-O Bf8 11.Ne5 d6 12.Ng4 Qe7 13.f4 Nd7 14.Bf3 c6 15.Qd3 Rac8
16.b4 g6 17.Nf2 Bg7 18.Kh1 Nf6 19.a3 c5 20.d5 exd5 21.cxd5 Re8 22.e4 h5 23.g3 Nd7
24.Na4 Qf6 25.Kg2 Qd4 26.Qb5 Nb8 27.Rfd1 Ba6 28.Qxe8+ Rxe8 29.Rxd4 Bxd4 30.Rc2 Nd7
31.Nb2 cxb4 32.axb4 Rc8 33.Rxc8+ Bxc8 34.Nc4 a5 35.bxa5 Ba6 36.Nxb6 Nxb6
37.axb6 Bxb6 38.e5 dxe5 39.fxe5 Bd4 40.e6 fxe6 41.dxe6  1/2-1/2

[Event "St Petersburg op"]
[Site "St Petersburg"]
[Date "1994.??.??"]
[Round "3"]
[White "Verdihanov, Vladislav"]
[Black "Chepukaitis, Genrikh"]
[Result "0-1"]
[WhiteElo "2420"]
[BlackElo "2235"]

1.d4 Nf6 2.Nf3 e6 3.c4 b6 4.Nc3 Bb4 5.Bg5 Bb7 6.e3 h6 7.Bh4 g5 8.Bg3 Ne4
9.Qc2 d6 10.Bd3 Bxc3+ 11.bxc3 Nxg3 12.fxg3 Nd7 13.O-O Qe7 14.a4 O-O 15.a5 Nf6
16.Nd2 Ne8 17.Kh1 Ng7 18.Rf2 f5 19.Raf1 Rad8 20.Qa2 Kh8 21.axb6 axb6 22.e4 Ra8
23.Qb2 f4 24.gxf4 gxf4 25.Rxf4 Rxf4 26.Rxf4 e5 27.Rf3 Ne6 28.d5 Nf4 29.Bf1 Bc8
30.Rf2 Bg4 31.Kg1 Rg8 32.Kh1 Qg5 33.Nf3 Qh5 34.Ng1 Qg6 35.Qc2 Nh5 36.g3 Nf6
37.Bg2 Bc8 38.Qe2 Ba6 39.Rf1 Bc8 40.Qf3 Kg7 41.Qe2 Rf8 42.Bf3 h5 43.Ra1 Bg4
44.Bxg4 hxg4 45.Re1 Ra8 46.Qc2 Ra5 47.Kg2 Rc5 48.Qd3 Ra5 49.Re2 Ra1 50.h3 Qh6
51.hxg4 Qc1 52.Qe3 Qf1+ 53.Kh1 Qh3+  0-1

[Event "St Petersburg op"]
[Site "St Petersburg"]
[Date "1994.??.??"]
[Round "7"]
[White "Anastasian, Ashot"]
[Black "Aseev, Konstantin N"]
[Result "1/2-1/2"]
[WhiteElo "2545"]
[BlackElo "2545"]

1.d4 Nf6 2.c4 e6 3.Nf3 b6 4.Nc3 Bb7 5.a3 d5 6.cxd5 Nxd5 7.Qc2 Nxc3 8.bxc3 c5
9.e4 Nc6 10.Bb2 Be7 11.Bd3 Rc8 12.O-O O-O 13.d5 c4 14.Bxc4 Na5 15.Ba2 exd5
16.Rad1 Nc4 17.Bxc4 Rxc4 18.Rfe1 Rc5 19.e5 Rc4 20.Nd4 Bc5 21.Qd3 Bc8 22.Qg3 Bxd4
23.Rxd4 Rxd4 24.cxd4 Bf5 25.Bc1 Qd7 26.h4 Qe6 27.Bg5 Kh8 28.Rc1 h6 29.Bd2 Rc8
30.Rxc8+ Qxc8 31.Bb4 Kg8 32.Kh2 Qe6 33.f3 Qg6 34.Qe1 Be6 35.Be7 Qd3 36.Qg3 Qxd4
37.Bf6 g6 38.Qe1 Qf4+ 39.Kh1 Kh7 40.Qb1 Qc4 41.h5 Bf5 42.Qe1 g5 43.e6 Bxe6
44.Bc3 Qf4 45.Be5 Qh4+ 46.Qxh4 gxh4 47.Bd4 h3 48.g3 f5 49.Kh2 Bf7 50.g4 fxg4
51.fxg4  1/2-1/2

[Event "Rilton Cup9495"]
[Site "Stockholm"]
[Date "1994.??.??"]
[Round "6"]
[White "Hillarp Persson, Tiger"]
[Black "Sjoberg, Mats"]
[Result "1/2-1/2"]
[WhiteElo "2395"]
[BlackElo "2435"]

1.d4 Nf6 2.c4 e6 3.Nf3 b6 4.Nc3 Bb4 5.Bg5 h6 6.Bh4 Bb7 7.e3 Bxc3+ 8.bxc3 d6
9.Nd2 c5 10.f3 O-O 11.Bd3 Nbd7 12.O-O Qc7 13.a4 Rfe8 14.a5 bxa5 15.Qa4 Nb6
16.Qxa5 Nfd7 17.Bf2 Qd8 18.Rfb1 f5 19.Rb2 Qf6 20.Rba2 e5 21.Qb5 e4 22.fxe4 fxe4
23.Bc2 Re7 24.Bg3 h5 25.Rxa7 h4 26.Rxa8+ Bxa8 27.Bf2 h3 28.Bg3 hxg2 29.Kxg2 Qg5
30.Re1 Nc8 31.Qa6 Ndb6 32.Kg1 Bc6 33.Qa2 Nd7 34.Qa6 Ndb6 35.Qa2 Be8 36.Qb1 Bg6
37.Kh1 Qh5 38.Qd1 Qh7 39.Qe2 Nd7 40.Qg2 Nf6 41.Bf4 Bf5 42.Bg5 Kh8 43.Rg1 Re6
44.Bxf6 gxf6 45.Qg3 Ne7 46.Qf4 Ng8 47.Rg3 Bg6 48.Nf3 f5 49.Ng5 Qe7 50.Nxe6 Qxe6
51.Qg5 Kh7 52.h4 Qf7 53.Bd1 f4 54.exf4 Ne7 55.h5 Bf5 56.Bc2 cxd4 57.cxd4 Nc6
58.Qg6+ Qxg6 59.hxg6+ Kg7 60.Re3  1/2-1/2

[Event "Stockholm op2"]
[Site "Stockholm"]
[Date "1994.??.??"]
[Round "6"]
[White "Pedersen, Steffen"]
[Black "Polak, Tomas"]
[Result "1/2-1/2"]
[WhiteElo "2420"]
[BlackElo "2410"]

1.d4 Nf6 2.c4 e6 3.Nf3 b6 4.Nc3 Bb4 5.Bg5 Bb7 6.e3 h6 7.Bh4 g5 8.Bg3 Ne4
9.Qc2 d6 10.Bd3 Bxc3+ 11.bxc3 Nxg3 12.fxg3 Nd7 13.O-O Qe7 14.Be4 Bxe4 15.Qxe4 O-O
16.Qc6 Rac8 17.Rae1 a5 18.Nd2 f5 19.e4 fxe4 20.Rxf8+ Rxf8 21.Qxe4 Rf6 22.Nf3 Nf8
23.Rb1 Qh7 24.Qxh7+ Kxh7 25.c5 bxc5 26.dxc5 Rf5 27.cxd6 cxd6 28.Rd1 Rc5 29.Rxd6 Rxc3
30.Nd4 Ra3  1/2-1/2

[Event "Rilton Cup9495"]
[Site "Stockholm"]
[Date "1994.??.??"]
[Round "7"]
[White "Andersson, Mats"]
[Black "Pedersen, Bjarne"]
[Result "1-0"]
[WhiteElo "2350"]
[BlackElo "2225"]

1.d4 Nf6 2.c4 e6 3.Nf3 b6 4.Nc3 Bb4 5.Bg5 Bb7 6.e3 O-O 7.Bd3 Bxc3+ 8.bxc3 d6
9.O-O Re8 10.Nd2 Nbd7 11.f4 c5 12.e4 h6 13.Bh4 Qc7 14.Qe2 Nh7 15.Rf2 f5 16.exf5 exf5
17.Qh5 Nhf6 18.Bxf6 Nxf6 19.Qxf5 Re6 20.Re2 Rae8 21.Rae1 Rxe2 22.Rxe2 Rxe2
23.Bxe2 Qe7 24.Qd3 d5 25.dxc5 Qxc5+ 26.Qd4 Ba6 27.Kf2 Qe7 28.Bf3 dxc4 29.Nxc4 Qc5
30.Qxc5 bxc5 31.Ne5 Bb5 32.g4 Nd7 33.Bd5+ Kf8 34.Nxd7+ Bxd7 35.h3 Ke7 36.Kg3 Kf6
37.h4 Ba4 38.Be4 Bd1 39.Bd3 Ke6 40.Bc4+ Kf6 41.g5+ hxg5 42.hxg5+ Kf5 43.Bd3+ Ke6
44.f5+ Kd5 45.Kf4 Bh5 46.g6 c4 47.Be4+ Kd6 48.f6 gxf6 49.g7 Bf7 50.Bh7  1-0

[Event "SVK-chT"]
[Site "?"]
[Date "1994.??.??"]
[Round "?"]
[White "Malac, Miroslav"]
[Black "Cimra, Jozef"]
[Result "1-0"]
[WhiteElo "2130"]
[BlackElo "2235"]

1.d4 Nf6 2.Nf3 e6 3.c4 b6 4.Nc3 Bb4 5.Bg5 h6 6.Bh4 g5 7.Bg3 Ne4 8.Qc2 Bb7
9.e3 Bxc3+ 10.bxc3 d6 11.Bd3 f5 12.d5 Qf6 13.Nd4 exd5 14.f3 Nxg3 15.hxg3 Nd7
16.cxd5 Bxd5 17.Bxf5 O-O-O 18.Qa4 a5 19.e4 Rhe8 20.O-O Bb7 21.Nc6 Qxc3 22.Na7+ Kb8
23.Bxd7 Rxd7 24.Qxd7 Rh8 25.Nb5 Qc5+ 26.Kh2  1-0

[Event "SVK-chT"]
[Site "?"]
[Date "1994.??.??"]
[Round "?"]
[White "Kantorik, Marian"]
[Black "Martiska, Peter"]
[Result "0-1"]
[WhiteElo "2225"]
[BlackElo "2215"]

1.d4 Nf6 2.Nf3 e6 3.c4 b6 4.Nc3 Bb7 5.e3 Be7 6.Bd3 d6 7.O-O Nbd7 8.b3 O-O
9.Bb2 c5 10.Qe2 Re8 11.Rad1 a6 12.Rfe1 Qc7 13.e4 cxd4 14.Nxd4 Rac8 15.Bb1 Ne5
16.f4 Ng6 17.f5 exf5 18.Nxf5 Bf8 19.Kh1 Rcd8 20.Qd2 h6 21.Re2 Ng4 22.Nd5 Bxd5
23.exd5 Rxe2 24.Qxe2 N4e5 25.h4 Be7 26.h5 Nf4 27.Qe4 Bg5 28.Nxd6 Ned3 29.Rxd3 Nxd3
30.Bxd3 Qxd6 31.Be5 Qa3 32.Kh2 Kf8 33.Qh7 Bf6 34.Bxf6 Qd6+ 35.Kg1 Qxf6 36.Qh8+ Ke7
37.Qh7 Qe5 38.Bf1 a5 39.Qd3 Rd6 40.a3 Rf6 41.b4 axb4 42.axb4 Rf4 43.g3 Qd4+
44.Qxd4 Rxd4 45.Kf2 Kd6 46.Ke3 Rd1 47.Be2 Rb1 48.b5 Ke5 49.g4 Rb3+ 50.Kf2 Ra3
51.Bf3 Kf4 52.Be2 Ra2  0-1

[Event "SWZ-chT"]
[Site "SWZ"]
[Date "1994.??.??"]
[Round "3"]
[White "Georges, Sacha"]
[Black "Bauert, Ralph"]
[Result "1-0"]
[WhiteElo "2265"]
[BlackElo "2230"]

1.d4 Nf6 2.Nf3 e6 3.c4 b6 4.Nc3 Bb4 5.Bg5 Bb7 6.e3 h6 7.Bh4 Bxc3+ 8.bxc3 Qe7
9.Nd2 g5 10.Bg3 d6 11.f3 Nbd7 12.e4 e5 13.Bf2 Rg8 14.Bd3 Nh5 15.g3 Ng7 16.Nf1 f5
17.Ne3 fxe4 18.Bxe4 Bxe4 19.fxe4 exd4 20.cxd4 Qxe4 21.O-O Nf6 22.Nd5 Nxd5
23.Re1 Qxe1+ 24.Bxe1 Ne7 25.Qa4+ Kd8 26.c5 Ne8 27.Rc1 Rg6 28.Bb4 Rf6 29.Re1 Rf8
30.Re6 Nf5 31.cxb6 cxb6 32.d5 Nc7 33.Bxd6 Nxd6 34.Rxd6+ Kc8 35.Rxh6 b5 36.Qc2 Kb8
37.d6 Nd5 38.Qc5  1-0

[Event "Tastrup"]
[Site "Tastrup"]
[Date "1994.??.??"]
[Round "4"]
[White "Clausen, Steen"]
[Black "Brinck Claussen, Bjorn"]
[Result "1/2-1/2"]
[WhiteElo "2275"]
[BlackElo "2350"]

1.d4 Nf6 2.Nf3 e6 3.c4 b6 4.Nc3 Bb7 5.Bg5 h6 6.Bh4 g5 7.Bg3 Nh5 8.e3 Nxg3
9.hxg3 Bg7 10.Qb3 Nc6 11.g4 Qe7 12.Be2 O-O-O 13.O-O-O Kb8 14.Kb1 Na5 15.Qc2 Qb4
16.a3 Qb3 17.Qd3 Bxf3 18.gxf3 d5 19.cxd5 exd5 20.Na2 Qxd3+ 21.Bxd3 c5 22.b4 Nb7
23.bxc5 bxc5 24.dxc5  1/2-1/2

[Event "Tel Aviv ASA"]
[Site "Tel Aviv"]
[Date "1994.??.??"]
[Round "4"]
[White "Soffer, Ram"]
[Black "Davies, Nigel R"]
[Result "1/2-1/2"]
[WhiteElo "2520"]
[BlackElo "2525"]

1.d4 Nf6 2.c4 e6 3.Nf3 b6 4.Nc3 Bb7 5.a3 d5 6.cxd5 exd5 7.g3 Be7 8.Qa4+ c6
9.Bg2 O-O 10.O-O Nbd7 11.Bf4 Nh5 12.Rad1 Nxf4 13.gxf4 b5 14.Qc2 a5  1/2-1/2

[Event "Tel Aviv ASA"]
[Site "Tel Aviv"]
[Date "1994.??.??"]
[Round "8"]
[White "Bykhovsky, Avigdor"]
[Black "Davies, Nigel R"]
[Result "1/2-1/2"]
[WhiteElo "2460"]
[BlackElo "2525"]

1.d4 Nf6 2.c4 e6 3.Nf3 b6 4.Nc3 Bb7 5.a3 d5 6.cxd5 exd5 7.g3 Be7 8.Bg2 O-O
9.O-O c5 10.Bg5 Ne4 11.Bxe7 Qxe7 12.Rc1 Nxc3  1/2-1/2

[Event "Tomo Zupan op"]
[Site "Tomo Zupan"]
[Date "1994.??.??"]
[Round "?"]
[White "Jeraj, Zlatko"]
[Black "Golja, Milan"]
[Result "1-0"]
[WhiteElo "2160"]
[BlackElo "1980"]

1.d4 Nf6 2.c4 e6 3.Nf3 b6 4.Nc3 Bb7 5.Bg5 h6 6.Bd2 Ne4 7.Nxe4 Bxe4 8.e3 d5
9.Ne5 dxc4 10.f3 Bb7 11.Bxc4 c6 12.Qb3 b5 13.Bxe6 Qf6 14.Bxf7+ Kd8 15.Ba5+ Ke7
16.Qa3+ c5 17.Qxc5+ Qd6 18.Qxb5 Qa6 19.Qe8+ Kf6 20.Bd8+  1-0

[Event "SVK-ch"]
[Site "Topolcianky"]
[Date "1994.??.??"]
[Round "6"]
[White "Orsag, Milan"]
[Black "Cimra, Jozef"]
[Result "1-0"]
[WhiteElo "2385"]
[BlackElo "2210"]

1.d4 Nf6 2.c4 e6 3.Nf3 b6 4.Nc3 Bb4 5.Bg5 h6 6.Bh4 g5 7.Bg3 Ne4 8.Qc2 Bb7
9.e3 Bxc3+ 10.bxc3 d6 11.Bd3 f5 12.d5 Qf6 13.Nd4 exd5 14.cxd5 Bxd5 15.f3 Nxg3
16.hxg3 Nd7 17.Bxf5 Nc5 18.Kf2 O-O 19.Bg6 Qe5 20.Rxh6 Be4 21.Bxe4 Nxe4+ 22.Kg1 Rf6
23.Rxf6 Nxf6 24.Qg6+ Kf8 25.Nf5 Nd5 26.Qxg5 Nxc3 27.Re1 Kf7 28.Qh5+ Ke6 29.Nd4+ Kf6
30.Qh6+ Kf7 31.Qh7+ Qg7 32.Qf5+ Qf6 33.Qd7+  1-0

[Event "Vienna op"]
[Site "Vienna"]
[Date "1994.??.??"]
[Round "3"]
[White "Kummer, Helmut"]
[Black "Kindermann, Stefan"]
[Result "0-1"]
[WhiteElo "2310"]
[BlackElo "2560"]

1.d4 Nf6 2.c4 e6 3.Nf3 b6 4.Nc3 Bb4 5.Bg5 Bb7 6.e3 h6 7.Bh4 Bxc3+ 8.bxc3 d6
9.Qa4+ Nbd7 10.Bxf6 gxf6 11.Be2 c5 12.O-O O-O 13.d5 f5 14.g3 Nf6 15.Qc2 Ne4
16.Rfd1 Qf6 17.Rac1 Kh8 18.Bf1 Rg8 19.Bg2 Rae8 20.Rd3 Re7 21.Nd2 Nxd2 22.Rxd2 e5
23.Re1 Rge8 24.a4 Bc8 25.a5 bxa5 26.Ra1 f4 27.e4 h5 28.Rxa5 h4 29.Qd1 Qg5
30.Bf3 Rg8 31.Qe1 f5 32.exf5 Bxf5 33.Raa2 e4 34.Bd1 e3 35.fxe3 Rxe3 36.Qf1 fxg3
37.hxg3 Rxg3+  0-1

[Event "Volgograd"]
[Site "Volgograd"]
[Date "1994.??.??"]
[Round "6"]
[White "Poluljahov, Aleksandr"]
[Black "Veresagin, Jurij"]
[Result "1/2-1/2"]
[WhiteElo "2510"]
[BlackElo "2360"]

1.Nf3 Nf6 2.d4 e6 3.c4 b6 4.Nc3 Bb4 5.Qc2 Bb7 6.a3 Bxc3+ 7.Qxc3 d6 8.e3 Nbd7
9.Be2 O-O 10.b3 Ne4 11.Qc2 Qe7 12.O-O e5 13.d5 Nef6 14.e4 a5 15.Be3 Ng4 16.Bg5 Ngf6
17.Nd2 h6 18.Be3 Rfc8 19.Rfc1 c6 20.Qd1 c5 21.Bd3 Nf8 22.Nb1 Rcb8 23.Nc3 Bc8
24.Be2 Ng6 25.g3 Bd7 26.Rab1 Qd8 27.Rb2 Qc8 28.f3 Ne8 29.Bd3 Qd8 30.Rcb1 Nc7
31.Qf1 Qe8 32.a4 Qe7 33.Re1 f6 34.f4 Kf8 35.Be2 Nh8 36.fxe5 dxe5 37.Bh5 Nf7
38.Rf2 Ne8 39.Bxf7 Qxf7 40.Rd1 Bg4 41.Rd3 Qh5 42.d6 Ra7 43.Nd5 Rd7 44.b4 axb4
45.a5 bxa5 46.Bxc5 Rc8 47.Bb6  1/2-1/2

[Event "Wrexham"]
[Site "Wrexham"]
[Date "1994.??.??"]
[Round "?"]
[White "Bezold, Michael"]
[Black "Davies, Nigel R"]
[Result "1/2-1/2"]
[WhiteElo "2475"]
[BlackElo "2510"]

1.d4 Nf6 2.c4 e6 3.Nf3 b6 4.Nc3 Bb7 5.a3 d5 6.Bg5 Be7 7.Bxf6 Bxf6 8.cxd5 exd5
9.g3 O-O 10.Bg2 Nd7 11.O-O c5 12.b4 Qe7 13.Rb1 Rfc8 14.Qd2 cxd4 15.Nxd4 Bxd4
16.Qxd4 Qf6 17.Qxf6 Nxf6 18.Rbc1 Kf8 19.Nb5 Ke7 20.Nc7 Rab8 21.Bh3 Rd8 22.Nb5 a6
23.Nd4 Kf8 24.Rc2 Bc8 25.Bg2 Bd7 26.Rfc1 Rdc8 27.Nc6 Rb7 28.Ne5 Rxc2 29.Nxd7+ Ke7
30.Rxc2 Kxd7 31.Bh3+ Kd6 32.Rc8 a5 33.bxa5 bxa5 34.Ra8 Rb1+ 35.Kg2 Rb2 36.Kf1 Rb1+
37.Kg2 Rb2 38.Kf1  1/2-1/2

[Event "ARM-ch"]
[Site "Yerevan"]
[Date "1994.??.??"]
[Round "?"]
[White "Kalantarian, Norik"]
[Black "Anastasian, Ashot"]
[Result "1/2-1/2"]
[WhiteElo "2365"]
[BlackElo "2545"]

1.d4 Nf6 2.c4 e6 3.Nf3 b6 4.Nc3 Bb7 5.a3 d5 6.cxd5 Nxd5 7.Qc2 Be7 8.e4 Nxc3
9.bxc3 O-O 10.Bd3 c5 11.O-O Nc6 12.Be3 Rc8 13.Qe2 Na5 14.Rfd1 cxd4 15.cxd4 Rc3
16.d5 exd5 17.exd5 Nb3 18.Rab1 Bxd5 19.Nd4 Nxd4 20.Bxd4 Rc6 21.Qe5 Bf6 22.Bxh7+ Kxh7
23.Qh5+ Kg8 24.Bxf6 Qxf6 25.Qxd5 Rc2 26.Qd4 Qe7 27.Rb3 Re2 28.h3  1/2-1/2

[Event "Zuerich op2"]
[Site "Zuerich"]
[Date "1994.??.??"]
[Round "4"]
[White "Klauser, Markus"]
[Black "Almada, Enrique"]
[Result "1/2-1/2"]
[WhiteElo "2345"]
[BlackElo "2285"]

1.d4 Nf6 2.c4 e6 3.Nf3 b6 4.Nc3 Bb7 5.a3 d5 6.cxd5 exd5 7.Qa4+ c6 8.Bg5 Be7
9.Bxf6 Bxf6 10.g3 O-O 11.Bg2 Na6 12.O-O Re8 13.Rfd1 c5 14.Rac1 Qe7 15.e3 Nc7
16.dxc5 bxc5 17.Qa5 Red8 18.Na4 c4 19.Nd4 Ne6 20.Nf5 Qc7 21.Qxc7 Nxc7 22.Nd4 Be7
23.Rc2 Rab8 24.h4 g6 25.Nc3 Ne6 26.Nde2 Bf6 27.Nxd5 Bxd5 28.Rxd5 Rxd5 29.Bxd5 Rxb2
30.Rxb2 Bxb2 31.Bxc4 Bxa3 32.Nd4  1/2-1/2

[Event "Aalborg op"]
[Site "Aalborg"]
[Date "1995.??.??"]
[Round "2"]
[White "Andersen, Frank"]
[Black "From, Sigfred"]
[Result "1/2-1/2"]
[WhiteElo "2275"]
[BlackElo "2250"]

1.d4 Nf6 2.c4 e6 3.Nf3 b6 4.Nc3 Bb7 5.Bg5 Bb4 6.e3 h6 7.Bh4 Bxc3+ 8.bxc3 d6
9.Qb3 Nbd7 10.O-O-O Qe7 11.Nd2 g5 12.Bg3 Nh5 13.Be2 Nxg3 14.fxg3 O-O-O 15.Rhf1 f5
16.Bf3 Rhf8 17.c5 Bxf3 18.gxf3 dxc5 19.Qa4 Kb7 20.Kc2 Nb8 21.Rb1 cxd4 22.exd4 Qd7
23.Qc4 Qd5 24.Rfe1 Rde8 25.Qa4 Nc6 26.Rb5 Qd7 27.Nc4 a6 28.Na5+ Ka7 29.Rxb6 cxb6
30.Nxc6+ Kb7 31.Na5+ Kc8 32.Qc4+ Kb8 33.Rb1 b5 34.a4 Rc8 35.Qb4 Rfd8 36.axb5 axb5
37.Qa4 Rc7 38.Rxb5+ Kc8 39.Nc4 Qc6 40.Nb6+ Kb8 41.Nd7+ Kc8 42.Nb6+ Kb8  1/2-1/2

[Event "Donner mem op"]
[Site "Amsterdam"]
[Date "1995.??.??"]
[Round "8"]
[White "Langeweg, Kick"]
[Black "Lobron, Eric"]
[Result "0-1"]
[WhiteElo "2375"]
[BlackElo "2595"]

1.d4 Nf6 2.Nf3 e6 3.c4 b6 4.Nc3 Bb4 5.Qc2 Bb7 6.a3 Bxc3+ 7.Qxc3 O-O 8.e3 d6
9.b3 Nbd7 10.Bb2 Ne4 11.Qc2 f5 12.Bd3 Qe7 13.O-O Rae8 14.Rad1 Rf6 15.d5 Rg6
16.Bxe4 fxe4 17.Qxe4 Nc5 18.Qc2 exd5 19.cxd5 Rf8 20.Kh1 Rxf3 21.gxf3 Qf7
22.f4 Bxd5+ 23.Rxd5 Qxd5+ 24.f3 Qxb3 25.Qxb3+ Nxb3 26.f5 Rg5 27.e4 Kf7 28.f4 Rh5
29.Rg1 g6 30.fxg6+ hxg6 31.f5 gxf5 32.Rg7+ Ke6 33.exf5+ Rxf5 34.Rxc7 Rd5
35.Bg7 Ra5 36.Bb2 Nc5 37.h4 Nd3 38.Bc3 Rxa3 39.Kh2 Nf4  0-1

[Event "ARG-ch"]
[Site "?"]
[Date "1995.??.??"]
[Round "11"]
[White "Fiorito, Fabian"]
[Black "Servat, Roberto"]
[Result "1-0"]
[WhiteElo "2450"]
[BlackElo "2450"]

1.d4 Nf6 2.c4 e6 3.Nf3 b6 4.Nc3 Bb7 5.Bg5 Be7 6.e3 h6 7.Bh4 Ne4 8.Bg3 O-O
9.Bd3 d5 10.cxd5 exd5 11.Qc2 Re8 12.Ne5 Nxg3 13.hxg3 Nc6 14.Bb5 Nb4 15.Qf5 Rf8
16.a3 Na6 17.Bc6  1-0

[Event "AUT-chT2S 9495"]
[Site "?"]
[Date "1995.??.??"]
[Round "10"]
[White "Petran, Pal"]
[Black "Zsinka, Laszlo"]
[Result "1/2-1/2"]
[WhiteElo "2480"]
[BlackElo "2360"]

1.d4 Nf6 2.c4 e6 3.Nf3 b6 4.Nc3 Bb4 5.Qb3 Qe7 6.g3 Bb7 7.Bg2 c5 8.a3 Bxc3+
9.Qxc3 cxd4 10.Qxd4 Nc6 11.Qh4 Na5 12.Bg5 h6 13.O-O O-O 14.Bxf6 Qxf6 15.Qxf6 gxf6
16.Nd2 Bxg2 17.Kxg2 Rfc8 18.Rac1 Rc7 19.Rc3 Rac8 20.Rfc1 Kf8 21.g4  1/2-1/2